مشكل الاثار / (رقم التسجيلة. 26600)

تفاصيل مارك
000 -الفاتح
عناصر البيانات ثابتة الطول 00835cam a2200181 i 4500
005 - تاريخ ووقت آخر معاملة
حقل ضبط 20251113125339.0
008 - عناصر البيانات ثابتة الطول
عناصر البيانات ثابتة الطول 250721b9999 le gr 000 0 ara d
082 14 - رقم تصنيف ديوي العشري
رقم التصنيف 213
رقم المادة ط ح ا
100 1# - مدخل رئيسي – اسم شخصي
الاسم الشخصي الطحاوي، أبو جعفر أحمد بن محمد بن سلمة الازدي المصري الحنفي.
تواريخ خاصة بالشخص المتوفي سنة 321ه،
علاقة الشخص بالعمل/ دوره مؤلف.
245 10 - بيان العنوان
العنوان مشكل الاثار /
بيان المسؤولية الامام الهمام و الحافظ القمقام أبي جعفر أحمد بن محمد بن سلمة الازدي المصري الحنفي الطحاوي.
264 31 - بيانات النشر، التوزيع…إلخ
مكان النشر، التوزيع...إلخ بيروت :
اسم الناشر، الموزع...إلخ دائرة المعارف النظامية،
تاريخ النشر، التوزيع...إلخ [19-].
300 ## - الوصف المادي
عدد الوحدات المكونة للوعاء 4 اجزاء.
650 17 - مدخل إضافي بالموضوع - مصطلح موضوعي
مصطلح موضوعي أو اسم جغرافي كعنصر مدخل الحديث الشريف.
650 17 - مدخل إضافي بالموضوع - مصطلح موضوعي
مصطلح موضوعي أو اسم جغرافي كعنصر مدخل الإسلام.
650 17 - مدخل إضافي بالموضوع - مصطلح موضوعي
مصطلح موضوعي أو اسم جغرافي كعنصر مدخل السنة النبوية.
942 ## - بيانات إضافية (كوها)
نوع التنصيف Dewey Decimal Classification
نوع المادة (كوها) مراجع
المقتنيات
حالة السحب حالة الفقدان مصدر التصنيف حالة التلف غير قابل للإعارة المكتبة الرئيسية المكتبة الحالية موقع الرف تاريخ التزويد الرقم المتسلسل Total Checkouts رقم الإستدعاء الباركود تاريخ آخر ظهور تاريخ الفاتورة نوع المادة (كوها)
    Dewey Decimal Classification   Not For Loan المكتبة المركزية المكتبة المركزية مراجع 06/07/2004 124022   م / 213 / ط ح ا 124022 28/07/2025 06/07/2004 مراجع
    Dewey Decimal Classification   Not For Loan المكتبة المركزية المكتبة المركزية مراجع 06/07/2004 124023   م / 213 / ط ح ا 124023 28/07/2025 06/07/2004 مراجع
    Dewey Decimal Classification   Not For Loan المكتبة المركزية المكتبة المركزية مراجع 06/07/2004 124024   م / 213 / ط ح ا 124024 28/07/2025 06/07/2004 مراجع
    Dewey Decimal Classification   Not For Loan المكتبة المركزية المكتبة المركزية مراجع 06/07/2004 124025   م / 213 / ط ح ا 124025 28/07/2025 06/07/2004 مراجع
    Dewey Decimal Classification   Not For Loan مكتبة أم قصير والمقابلين العامة مكتبة أم قصير والمقابلين العامة مراجع 08/11/2014 [ 831 ]   م/213/طحا PLD00360188 28/07/2025 08/11/2014 مراجع
    Dewey Decimal Classification   Not For Loan مكتبة أم قصير والمقابلين العامة مكتبة أم قصير والمقابلين العامة مراجع 08/11/2014 [ 830 ]   م/213/طحا PLD00360196 28/07/2025 08/11/2014 مراجع
    Dewey Decimal Classification   Not For Loan مكتبة أم قصير والمقابلين العامة مكتبة أم قصير والمقابلين العامة مراجع 09/11/2014 [ 828 ]   م/213/طحا PLD00360599 28/07/2025 09/11/2014 مراجع
    Dewey Decimal Classification   Not For Loan مكتبة أم قصير والمقابلين العامة مكتبة أم قصير والمقابلين العامة مراجع 09/11/2014 [ 829 ]   م/213/طحا PLD00360600 28/07/2025 09/11/2014 مراجع
    Dewey Decimal Classification   Not For Loan مكتبة حمزة العامة مكتبة حمزة العامة مراجع 12/11/2015 [118].   م/213/طحا PLD00364353 28/07/2025 12/11/2015 مراجع
    Dewey Decimal Classification   Not For Loan مكتبة حمزة العامة مكتبة حمزة العامة مراجع 12/11/2015 [117].   م/213/طحا PLD00364354 28/07/2025 12/11/2015 مراجع
    Dewey Decimal Classification   Not For Loan مكتبة حمزة العامة مكتبة حمزة العامة مراجع 12/11/2015 [116].   م/213/طحا PLD00364355 28/07/2025 12/11/2015 مراجع
    Dewey Decimal Classification   Not For Loan مكتبة حمزة العامة مكتبة حمزة العامة مراجع 12/11/2015 [115].   م/213/طحا PLD00364356 28/07/2025 12/11/2015 مراجع
Implemented & Customized by: BBB with SCIT (Smart Chains for Information Technology)

Powered by Koha